FAO legislative study; N68 Extracts from international and regional instruments and declarations, and other authoratative texts addressing the right to food
Guardat en:
| Autor principal: | |
|---|---|
| Format: | Llibre |
| Idioma: | Undetermined |
| Publicat: |
Rome
FAO
1999
|
| Etiquetes: |
Afegir etiqueta
Sense etiquetes, Sigues el primer a etiquetar aquest registre!
|
| Thư viện lưu trữ: | Trung tâm Học liệu Trường Đại học Cần Thơ |
|---|
| LEADER | 00570nam a2200181Ia 4500 | ||
|---|---|---|---|
| 001 | CTU_35244 | ||
| 008 | 210402s9999 xx 000 0 und d | ||
| 082 | |a 340 | ||
| 082 | |b I65/N68 | ||
| 100 | |a FAO | ||
| 245 | 0 | |a FAO legislative study; N68 | |
| 245 | 0 | |b Extracts from international and regional instruments and declarations, and other authoratative texts addressing the right to food | |
| 245 | 0 | |c FAO | |
| 260 | |a Rome | ||
| 260 | |b FAO | ||
| 260 | |c 1999 | ||
| 904 | |i Nguyễn Quang Điền, 000223 | ||
| 980 | |a Trung tâm Học liệu Trường Đại học Cần Thơ | ||